Pri prameňoch Viery Bartkovej

Bibliographic Details
Main Author: Šimulčíková, Jana, 1937-2025 (Author)
Format: Article
Language:Slovak
Subjects:

MARC

LEADER 00000nab a2200000 ar4500
001 vtls009939571
003 SK-MaSNL
005 20260305003217.0
008 090813c1973 xo |r|p|||||||000 b|slo
015 |a SNBRB1973 
038 |a SNKBUCL 
040 |a SNKBUCL  |b slo  |c SNKBUCL  |e AACR2 
041 |a slo 
044 |a xo  |c SK 
080 |a 75.071.1  |2 1997 
100 1 |a Šimulčíková, Jana,  |d 1937-2025  |4 aut  |9 190254 
245 1 0 |a Pri prameňoch Viery Bartkovej  |c Jana Šimulčíková 
600 1 7 |a Bartková, Viera,  |d 1924-2015  |2 snkbucl  |9 198557 
655 7 |a profily  |2 snkbucl  |9 341977 
773 0 |t Slovenka  |g Č. 9 (1973), s. 16-17 
852 |a SNK  |b KIS3GCP 
958 |a BX 
999 |c 3229122  |d 3231052